000 00449nam a2200181Ia 4500
001 21019
005 20260306172848.0
008 260306t2021||||xx |||||||||||||| ||spa||
041 _aESP
082 _a344
_bA37E
100 _aAlcócer Povis, Eduardo,
_eAUT
245 0 _aIntroducción al derecho penal :
_bparte especial
260 _c2021
300 _a398 páginas :
_c25 cm.
650 _aGEN
654 _aCDE
942 _cLIB
_dJUS
_fJUS
_2ddc
_n
999 _c21019
_d21019